Guia farmacològica any 1985 / elaborada per la Comissió de Farmàcia i Terapèutica de la Casa de Maternitat
Descripción Física:
105 p. ; 21 cm
MARC
| LEADER | 00000nam a2200000Ia 4500 | ||
|---|---|---|---|
| 001 | 12294 | ||
| 008 | 160829s9999 xx 000 0 cat d | ||
| 080 | |a C-1-361 | ||
| 110 | 2 | |a Casa de Maternitat i Expòsits de Barcelona |9 52670 | |
| 245 | |a Guia farmacològica any 1985 / elaborada per la Comissió de Farmàcia i Terapèutica de la Casa de Maternitat | ||
| 260 | |a Barcelona : |b Diputació de Barcelona. Servei de Sanitat, [1985?] | ||
| 300 | |a 105 p. ; |c 21 cm | ||
| 650 | |a Casa de Maternitat i Expòsits (Barcelona). Comissió de Farmàcia i Terapèutica |9 39848 | ||
| 650 | |a Farmacologia |9 25380 | ||
| 710 | 1 | |a Barcelona (Catalunya : Província). |b Servei de Sanitat |9 54402 | |
| 901 | |a Arxiu | ||
| 942 | |n 1 | ||
| 952 | |0 0 |1 0 |4 0 |6 C1361 |7 1 |9 49265 |a Arxiu |b Arxiu |d 2016-12-01 |l 0 |o C-1-361 |p 12294 |r 2016-12-01 00:00:00 |w 2016-12-01 |y ARXIU | ||
| 999 | |c 53105 |d 53105 | ||